Welcome to the Holygrace Academy Library

Please use search bar below to get started

NODDY (Record no. 3244)

MARC details
000 -LEADER
fixed length control field 00248nam a22001217a 4500
020 ## - INTERNATIONAL STANDARD BOOK NUMBER
ISBN 978-81-286-2891-7
082 ## - DEWEY DECIMAL CLASSIFICATION NUMBER
Classification number 823
Item number BLY/N
100 ## - MAIN ENTRY--AUTHOR NAME
Personal name BLYTON
245 ## - TITLE STATEMENT
Title NODDY
260 ## - PUBLICATION, DISTRIBUTION, ETC. (IMPRINT)
Place of publication MUMBAI
Name of publisher EURO KIDS
650 ## - SUBJECT ADDED ENTRY--TOPICAL TERM
Topical Term ENGLISH SHORT STORY
942 ## - ADDED ENTRY ELEMENTS (KOHA)
Koha item type Books
Holdings
Withdrawn status Lost status Collection code Home library Current library Shelving location Date acquired Source of acquisition Cost, normal purchase price Full call number Accession Number Koha item type
    Fiction Main Library Main Library SHELF 3- D- ENGLISH CHILDRENS LITERATURE &MYTHOLOGY 02/11/2012 PURCHASE 40.00 823 BLY/N 07217 Books